000 00931nam a22002297a 4500
005 20240530110532.0
008 160319s2013 ua g 000 0 ara d
017 _a2012/13135
_bمصر . دار الكتب المصرية
020 _a9789774901775
040 _aEG-CaGPL
082 0 4 _221
_a158.2\
_bم م
100 1 _aمادانيس ، كلوى .
245 1 0 _aمعجزة للعلاقات : كيف تكون علاقات فائقة فى كل مجالات حياتك /
_cكلوى مادانيس ؛ تقديم انتونى روبينز ؛ ترجمة ايمن محمود .
250 _aط1.
260 _aالقاهرة :
_bدار العين للنشر ،
_c2013.
300 _a255 ص ؛
_c24 سم .
650 0 4 _aالعلاقات الانسانية .
700 0 _aانتونى روبينز
_eمقدم .
700 0 _aايمن محمود
_eمترجم .
942 _2ddc
_cBK
999 _c62103
_d62103